El libro de los muertos
Se parte de la corriente del pensamiento llamada “gnosticismo contemporáneo” para hacer una lectura de El libro de los muertos de origen egipcio. El tema central es la muerte, se divide en cuatro partes donde se habla de la muerte en relación con el cuerpo y el alma, los ángeles de la muerte, los tr...
Bewaard in:
| Hoofdauteur: | |
|---|---|
| Formaat: | Boek |
| Taal: | Undetermined |
| Gepubliceerd in: |
San José, Costa Rica
Editorial Samael
[s.f.]
|
| Editie: | 3 |
| Onderwerpen: | |
| Tags: |
Voeg label toe
Geen labels, Wees de eerste die dit record labelt!
|
MARC
| LEADER | 00000nam a2200000Ia 4500 | ||
|---|---|---|---|
| 008 | 170316s9999 xx 000 0 und d | ||
| 040 | |a cru BVZT | ||
| 090 | |a 100 A-44L | ||
| 100 | |a Aun Weor, Samael |9 1098 | ||
| 245 | |a El libro de los muertos |c / Samael Aun Weor | ||
| 250 | |a 3 | ||
| 260 | |a San José, Costa Rica |b Editorial Samael |c [s.f.] | ||
| 300 | |a 36 páginas | ||
| 520 | |a Se parte de la corriente del pensamiento llamada “gnosticismo contemporáneo” para hacer una lectura de El libro de los muertos de origen egipcio. El tema central es la muerte, se divide en cuatro partes donde se habla de la muerte en relación con el cuerpo y el alma, los ángeles de la muerte, los tribunales del karma y las regiones celular y molecular de la materia. | ||
| 650 | |a FILOSOFÍA |9 5 | ||
| 999 | |c 15601 |d 15601 | ||
| 942 | |c 15 D |h 100 A-44L |2 z | ||
